00641cam a22002051 450000100060000000300080000600500170001400800390003103500190007004000390008904100080012808200280013624500710016426000420023530000280027750400200030565000470032565000310037270000320040376661BD-RjUL20211209082853.0191230s1923 enk 001 0 eng a(BD-RjUL)76885 aDLCcOAUdOCoLCdDLCdBD-RjULbeng aeng a821.20822bREL 192321910aReligious lyrics of the XIVth century /cedited by Carleton Brown. aOxford :bThe Clarendon Press,c1923. axxii, 358 p., ;c20 cm. aIncludes index. 0aEnglish poetryyMiddle English, 1100-1500. 0aReligious poetry, English. aBrown, Carletond1869-1941,